Alle Heroes in EAFC 25 - Statistiken

Allgemein
  • Dieses Quiz wurde 67 mal gespielt
  • Das Durchschnittsergebnis liegt bei 38 aus 74
Antwortstatistiken
Raiting Nation Liga Spieler/in % Korrekt
88 Belgien Premier League Eden Hazard
89%
89 Frankreich Ligue 1 David Ginola
83%
89 Ghana Ligue1 Abedi Pele
80%
89 Deutschland Bundesliga Jürgen Kohler
80%
88 Belgien Premier League Vincent Kompany
74%
88 Nigeria Premier League Jay-Jay Okocha
72%
89 Spanien Laliga Fernando Morientes
70%
87 Japan Serie A Hidetoshi Nakata
70%
89 Brasilien Serie A Lucio
67%
85 Deutschland Bundesliga Lars Ricken
65%
86 Nigeria Premier League Nwankwo Kanu
65%
85 Australien Premier League Tim Cahill
63%
86 Polen Bundesliga Wlodzimierz Smolarek
63%
87 Elfenbeinküste Premier League Yaya Toure
63%
88 Finnland Eredevise Jari Litmanen
61%
88 Deutschland Bundesliga Mario Gomez
61%
88 Mexiko Laliga Rafael Marquez
61%
85 Saudi-Arabien Saudi Pro League Saeed Al Owairan
61%
88 Niederlande Serie A Wesley Sneijder
61%
87 Brasilien Bundesliga Ze Roberto
61%
87 Bulgarien Premier League Dimitar Berbatov
59%
86 Polen Premier League Jerzy Dudek
59%
86 USA MLS Landon Donovan
59%
88 Deutschland Bundesliga (F) Nadine Kessler
59%
89 Deutschland Bundesliga Rudi Völler
59%
86 Saudi-Arabien Saudi Pro League Sami Al Jaber
59%
88 Italien Serie A Antonio Di Natale
57%
88 Frankreich Bundesliga Bixente Lizarazu
57%
87 Italien Serie A Claudio Marchisio
57%
88 Uruguay Laliga Diego Forlan
57%
88 Argentinien Laliga Javier Mascherano
57%
86 Tschechien Bundesliga Tomas Rosicky
57%
87 Kolumbien Serie A Ivan Cordoba
54%
87 Mexiko MLS Jorge Campos
54%
87 Slovakei Serie A Marek Hamsik
54%
86 Südkorea Premier League Park Ji Sung
54%
86 Irland Premier League Robbie Keane
54%
86 Russland Laliga Aleksandr Mostovoi
52%
87 Australien Premier League Harry Kewell
50%
86 Norwegen Premier League Ole Gunnar Solskjaer
50%
87 Schweden Serie A Thomas Brolin
50%
89 Deutschland Bundesliga (F) Celia Sasic
48%
85 USA MLS Clint Dempsey
48%
86 Niederlande Eredevise Dirk Kuyt
48%
86 Schweden Premier League Freddie Ljungberg
48%
89 Frankreich Ligue 1 Jean-Pierre Papin
48%
86 Norwegen Premier League John Arne Riise
48%
88 Argentinien Premier League Carlos Tevez
46%
87 Niederlande Premier League Jaap Stam
46%
88 Brasilien Serie A Maicon
46%
88 Portugal Laliga Paulo Futre
46%
86 Brasilien Premier League Ramires
46%
85 USA Premier League Tim Howard
46%
88 Argentinien Serie A Diego Milito
43%
88 Portugal Liga Portugal Ricardo Carvalho
43%
87 Portugal Serie A Rui Costa
43%
86 Frankreich Ligue 1 Sidney Govou
43%
86 Spanien Laliga Capdevila
39%
89 Italien Serie A Gianluca Vialli
39%
85 Saudi-Arabien Saudi Pro League Mohammed Noor
39%
85 England Premier League Peter Crouch
39%
86 Frankreich Ligue 1 (F) Sonia Bompastor
39%
85 England Premier League (F) Alex Scott
37%
87 England Premier League Joe Cole
37%
86 England Premier League Ledley King
37%
88 Uruguay Primera Division Enzo Francescoli
35%
86 England Premier League (F) Fara Williams
30%
85 USA MLS DaMarcus Beasley
28%
86 Spanien Laliga Guti
26%
86 Frankreich Ligue 1 Blaise Matuidi
24%
86 England Premier League Jamie Carragher
24%
86 Frankreich Ligue 1 Ludovic Giuly
24%
87 England Premier League Steve McManaman
22%
87 Frankreich Ligue 1 (F) Laura Georges
20%
Keine übereinstimmenden Quizze gefunden
Verteilung der Resultate
Anzahl Personen mit jedem Resultat
Perzentil nach korrekt beantworteten Fragen
Ihre Resultats-Entwicklung
Sie haben dieses Quiz noch nicht gespielt